| 000 | 00975nam a2200301 a 4500 | ||
|---|---|---|---|
| 001 | vtls001275843 | ||
| 003 | NLI | ||
| 005 | 20210627042044.0 | ||
| 008 | 120416s1965 ce ach 001 i eng | ||
| 039 | 9 |
_y201204161749 _zVLOAD |
|
| 040 |
_aNLI _beng _cDatasoft_G&E _eAACR2 |
||
| 041 | 0 | _aeng | |
| 044 | _a ce | ||
| 082 | 0 | 4 | _a 808 |
| 100 | 1 |
_aDharmapala, Anagarika, _d1864-1933 _9693903 |
|
| 245 | 1 | 0 |
_aReturn to righteousness : _ba collection of speeches / _cessays and letters of the Anagarika Dharmapala ; edited by Ananda Guruge |
| 260 |
_aCeylon : _bGovernment Press, _c1965 |
||
| 300 |
_alxxxiv, 875 p. : _bill., facsims, ports. ; _c22 cm. |
||
| 500 | _aIncludes index | ||
| 600 | 1 | 0 |
_aDharmapala, Anagarika _xCorrespondence _9693904 |
| 700 | 1 |
_aGuruge, Ananda, _4edt _9693905 |
|
| 887 | _a | ||
| 901 |
_aG38766 _b21.05.2004 |
||
| 902 | _aE 808 D 535 | ||
| 904 | _l38766 | ||
| 949 |
_AVIRTUAITEM _D10000 _X100 _6GXX000038766ENG |
||
| 942 |
_2ddc _cBKS |
||
| 999 |
_aVIRTUA40 _c574591 _d574591 |
||